Stimuly integrovanej produktovej politiky na environmentálne zlepšovanie vo výrobnom podniku

Integrovaná produktová politika (IPP) a jej ciele. Nástroje IPP a poskytovanie informácií. Vplyv environmentálnej orientácie produktu na správanie spotrebiteľa. Výsledky dotazníkového prieskumu.

Gespeichert in:
Bibliographische Detailangaben
1. Verfasser: Rakovská, Júlia, 1972-
Format: Buchkapitel
Sprache:Slowakisch
Schlagworte:
Tags: Tag hinzufügen
Keine Tags, Fügen Sie das erste Tag hinzu!

MARC

LEADER 00000nla a2200000 4500
001 0214379
005 20240502073601.6
041 0 |a slo 
044 |a SK 
245 1 0 |a Stimuly integrovanej produktovej politiky na environmentálne zlepšovanie vo výrobnom podniku  |c Júlia Rakovská 
520 |a Integrovaná produktová politika (IPP) a jej ciele. Nástroje IPP a poskytovanie informácií. Vplyv environmentálnej orientácie produktu na správanie spotrebiteľa. Výsledky dotazníkového prieskumu. 
610 2 0 |a produkty environmentálne 
610 2 0 |a správanie spotrebiteľa 
610 2 0 |a podnik 
610 2 0 |a ochrana prostredia životného 
100 1 |a Rakovská, Júlia, 1972-